000 01030nam a22002291a 4500
999 _c18630
_d18630
001 18630
003 OSt
005 20260204212415.0
008 040101s2018||||dr ||||||b||||||||||spa||
090 _aADM 2018 C78
100 _aCruz López,Yulis María
245 _aDiseño de un manual de control de inventarios para Empresas Ganaderas en Sánchez Ramírez / Yulis María Cruz López, Clara Esmerlyn Almonte Hernández y Sonia Vásquez de los Santos ; asesor Jorge Custodio Heredia
300 _a66 hojas
502 _atrabajo de grado (Licenciatura en Administración de Empresas)----Universidad Tecnológica del Cibao Oriental, 2018
504 _aIncluye referencia bibliográfica e índice
650 _aControl de inventario
700 1 _aAlmonte Hernández, Clara Esmerlyn
_esustentante
700 1 _aVásquez de los Santos, Sonia
_esustentante
700 1 _aCustodio Heredia, Jorge
_easesor
830 _aTesis y disertaciones académicas (Universidad Tecnológica del Cibao Oriental)
942 _2LC
_cTH